000 00630nam a2200205 a 4500
005 20260206064033.0
008 991125s1979 mx 000 0 spa u
020 _a9686046321
035 _aUPN01000002883
049 _aCG
050 4 _aQM32
_bF6.38
100 1 _aFox, Stewart
245 1 0 _aAnatomía y autoevaluación y repaso /
_cStewart Fox ; tr. César Augusto Caldera Cranshaw.
260 _aMéxico :
_bMcGraw-Hill,
_c1979.
300 _a196 p. :
_bil.
440 0 _aPretest
500 _a"500 preguntas con respuestas, explicaciones y bibliografía"
650 4 _aAnatomía
_xEstudio y enseñanza
_9565
905 _aLibro
999 _c2883
_d2883